Top 100 Most Streamed Songs on Spotify - Statistics

General Stats
  • This quiz has been taken 109 times
    90 since last reset
  • The average score is 39 of 100
Answer Stats
Answer % Correct
Shape of You
88%
Dance Monkey
73%
Bad Guy
71%
Sunflower
71%
Blinding Lights
67%
Despacito
63%
Rockstar
63%
Señorita
63%
Closer
62%
Despacito (Remix)
60%
Perfect
60%
Bohemian Rhapsody
56%
Believer
55%
See You Again
55%
Starboy
55%
Havana
54%
Uptown Funk
54%
Thank U, Next
53%
7 Rings
51%
Shallow
51%
Sorry
51%
All of Me
50%
Take Me To Church
50%
God's Plan
49%
Radioactive
49%
Lose Yourself
47%
One Dance
47%
Sad!
47%
Thinking Out Loud
47%
Old Town Road (Remix)
46%
Stressed Out
46%
Watermelon Sugar
46%
Counting Stars
45%
Humble
45%
Thunder
45%
Let Her Go
44%
Someone You Loved
44%
Wake Me Up
44%
Lucid Dreams
42%
Photograph
41%
Girls Like You
40%
7 Years
38%
Can't Hold Us
38%
Congratulations
38%
Faded
38%
Lean On
38%
Sicko Mode
38%
Demons
37%
Sugar
37%
Wonderwall
37%
Can't Stop the Feeling!
36%
Circles
36%
Heathens
36%
New Rules
36%
Stitches
36%
Love Yourself
35%
The Box
35%
Can't Feel My Face
33%
Lovely
33%
Goosebumps
32%
Happier
32%
I Don't Care
32%
Mr. Brightside
32%
I Took a Pill in Ibiza (Seeb Remix)
31%
Stay With Me
31%
XO Tour Llif3
31%
Cheap Thrills
29%
Cheerleader (Felix Jaehn Remix)
29%
One Kiss
29%
Say You Won't Let Go
29%
The Hills
29%
Youngblood
29%
Don't Let Me Down
28%
I Like It
28%
Jocelyn Flores
28%
Don't Start Now
27%
Memories
27%
Riptide
27%
Roses (Imanbek Remix)
27%
I'm Yours
26%
Something Just Like This
26%
Treat You Better
26%
We Don't Talk Anymore
26%
What Do You Mean?
26%
Without Me
26%
Mood
24%
Psycho
24%
Attention
23%
I Like Me Better
23%
Let Me Love You
23%
That's What I Like
23%
Moonlight
22%
Unforgettable
21%
Better Now
19%
Cold Water
19%
Eastside
18%
Too Good at Goodbyes
18%
I Fall Apart
13%
When the Party's Over
13%
No matching quizzes found
Score Distribution
Percent of People with Each Score
Percentile by Number Answered
Your Score History
You have not taken this quiz since the last reset